Biblioteca y Centro de Documentación

Informe socioeconómico de Castilla-La Mancha 2008 (Registro nro. 22688)

Detalles MARC
000 -CABECERA
Longitud fija campo de control 01646nam a2200433 c 4500
001 - NÚMERO DE CONTROL
Número de control 22688
003 - IDENTIFICADOR DE NÚMERO DE CONTROL
Identificador del número de control ES-MaCES
005 - FECHA Y HORA DE LA ÚLTIMA TRANSACCIÓN
Fecha y hora de la última transacción 20141221122811.0
008 - CAMPO FIJO DE DESCRIPCIÓN FIJA--INFORMACIÓN GENERAL
Códigos de información de longitud fija   091209s2009 sp d t o000 | spa d
017 ## - NÚMERO DE REGISTRO DE DERECHOS DE AUTOR Y DEPÓSITO LEGAL
Número de copyright o de depósito legal TO 866-2009
Agencia que asigna el número DL
020 ## - ISBN (INTERNATIONAL STANDARD BOOK NUMBER)
Número Internacional Normalizado para Libros (ISBN) 9788477885580
035 ## - NÚMERO DE CONTROL DEL SISTEMA
Número de control del sistema CES20090012755m
040 ## - FUENTE DE CATALOGACIÓN
Centro catalogador de origen ES-MaCES
Lengua de catalogación spa
Centro transcriptor ES-MaCES
245 00 - MENCIÓN DE TÍTULO
Título Informe socioeconómico de Castilla-La Mancha 2008
Mención de responsabilidad, etc. Consejo Económico y Social Castilla-La Mancha
260 ## - PUBLICACIÓN, DISTRIBUCIÓN, ETC (PIE DE IMPRENTA)
Lugar de publicación, distribución, etc. Toledo
Nombre del editor, distribuidor, etc. CES
Fecha de publicación, distribución, etc. [2009]
300 ## - DESCRIPCIÓN FÍSICA
Extensión 868 p.
Otras características físicas gráf. bl. y n.
Dimensiones 24 cm
500 ## - NOTA GENERAL
Nota general Tít. de la cub.: La agricultura en Castilla-La Mancha
500 ## - NOTA GENERAL
Nota general Publ. además en CD-ROM bajo el tít.: Informe socioeconómico de Castilla-La Mancha ; Memoria de actividades 2008
541 ## - NOTA DE LA FUENTE INMEDIANTE DE ADQUISICIÓN
Forma de adquisición Gratuito
650 #4 - ASIENTO SECUNDARIO DE MATERIA--TÉRMINO DE MATERIA
Término de materia o nombre geográfico como elemento inicial condiciones económicas
9 (RLIN) 27081
650 #4 - ASIENTO SECUNDARIO DE MATERIA--TÉRMINO DE MATERIA
Término de materia o nombre geográfico como elemento inicial indicador económico
9 (RLIN) 27073
650 #4 - ASIENTO SECUNDARIO DE MATERIA--TÉRMINO DE MATERIA
Término de materia o nombre geográfico como elemento inicial condiciones sociales
9 (RLIN) 30469
650 #4 - ASIENTO SECUNDARIO DE MATERIA--TÉRMINO DE MATERIA
Término de materia o nombre geográfico como elemento inicial indicador social
9 (RLIN) 27259
650 #4 - ASIENTO SECUNDARIO DE MATERIA--TÉRMINO DE MATERIA
Término de materia o nombre geográfico como elemento inicial agricultura
9 (RLIN) 27489
650 #4 - ASIENTO SECUNDARIO DE MATERIA--TÉRMINO DE MATERIA
Término de materia o nombre geográfico como elemento inicial sector agrícola
9 (RLIN) 27488
650 #4 - ASIENTO SECUNDARIO DE MATERIA--TÉRMINO DE MATERIA
Término de materia o nombre geográfico como elemento inicial Castilla-La Mancha
9 (RLIN) 30885
650 #4 - ASIENTO SECUNDARIO DE MATERIA--TÉRMINO DE MATERIA
Término de materia o nombre geográfico como elemento inicial 2008
9 (RLIN) 31908
650 #4 - ASIENTO SECUNDARIO DE MATERIA--TÉRMINO DE MATERIA
Término de materia o nombre geográfico como elemento inicial informe
9 (RLIN) 28986
650 #4 - ASIENTO SECUNDARIO DE MATERIA--TÉRMINO DE MATERIA
Término de materia o nombre geográfico como elemento inicial CD ROM
9 (RLIN) 30331
653 10 - TÉRMINO DE INDEXACIÓN--NO CONTROLADO
Término no controlado Condiciones económicas
710 2# - ENCABEZAMIENTO SECUNDARIO--NOMBRE CORPORATIVO
Nombre de entidad o nombre de jurisdicción como elemento inicial Consejo Económico y Social (Castilla-La Mancha)
9 (RLIN) 2404
740 32 - ENCABEZAMIENTO SECUNDARIO--TÍTULO ANALÍTICO/RELACIONADO NO CONTROLADO
Título relacionado o analítico no controlado La agricultura en Castilla-La Mancha
787 0# - ENTRADA DE OTRAS ESPECIFICACIONES
Título Informe socioeconómico de Castilla-La Mancha 2008
Número de control del registro relacionado (ES-MaCES)22689
787 0# - ENTRADA DE OTRAS ESPECIFICACIONES
Título Informe socioeconómico de Castilla-La Mancha 2009
Número de control del registro relacionado (ES-MaCES)23470
787 0# - ENTRADA DE OTRAS ESPECIFICACIONES
Título Informe socioeconómico de Castilla-La Mancha 2007
Número de control del registro relacionado (ES-MaCES)21732
902 ## - CES. TIPO DE DOCUMENTO
Tipodoc (006$c Sirtex) LIB Libro
942 ## - ELEMENTOS KOHA
Fuente de clasificaión o esquema Clasificación propia del CES
Koha [por defecto] tipo de item Monografías
Parte de clasificación 0.0.
Existencias
Número de registro Signatura completa Tipo de item de Koha
075681 CES C.LM.-45 Monografías
© CES, Consejo Económico y Social de España 2021